000 00770nam a2200301Ia 4500
001 Z_917
003 CHAP
008 220113s1986 xx 000 0 und d
010 _a163992
040 _cCHAP
082 _a636.0898 R6
100 _aRoberts, Stephen J
_997939
245 _aVeterinary obstetrics and general diseases (theriogenology) /
_cby Stephen J. Roberts
260 _aNorth Pomfret, Vermont :
_bDavid and Charles,
_c1986
300 _a981 p.
440 _a
500 _a
503 _a
650 _aObstetricia veterinaria
_982589
650 _aPatología veterinaria
_986194
650 _aReproducción animal I. t.
_9138049
901 _a636.0898 R6
902 _aA
910 _a1986
942 _c1
942 _cc1
999 _c163992
_d163992